| 000 | 01976nam a22004217a 4500 | ||
|---|---|---|---|
| 001 | 14823558 | ||
| 003 | OSt | ||
| 005 | 20210426113310.0 | ||
| 008 | 070426s2007 maua b 001 0 eng | ||
| 010 | _a 2007017286 | ||
| 020 | _a9781422102503 (hbk. : alk. paper) | ||
| 020 | _a1422102505 | ||
| 035 | _a(OCoLC)ocn123818312 | ||
| 040 |
_aDLC _cDLC _dBAKER _dBTCTA _dC#P _dBWX _dYDXCP _dDLC _beng |
||
| 041 | _aeng | ||
| 050 | 0 | 0 |
_aHD31 _b.H25 2007 |
| 080 |
_a005 _bH-20 |
||
| 082 | 0 | 0 |
_a658 _222 |
| 100 | 1 | _aHamel, Gary. | |
| 245 | 1 | 4 |
_aThe future of management / _cGary Hamel ; with Bill Breen. _b/ by: Harvard Business School Press |
| 260 |
_aBoston, Mass. _bHarvard Business School Press _cc2007. |
||
| 300 |
_axiv, 272 p. : _bill. _c25 cm. |
||
| 365 | _b26.95 usd | ||
| 504 | _aIncludes bibliographical references (p. 257-263) and index. | ||
| 505 | 0 | _aThe end of management? -- The ultimate advantage -- An agenda for management innovation -- Creating a community of purpose -- Building an innovation democracy -- Aiming for an evolutionary advantage -- Escaping the shackles -- Embracing new principles -- Learning from the fringe -- Becoming a management innovator -- Building the future of management. | |
| 650 | 0 | _aManagement. | |
| 650 | 0 |
_aTechnological innovations _xManagement. |
|
| 650 | 0 | _aKnowledge management. | |
| 653 | _aმართვა | ||
| 700 |
_9706 _aBreen, Bill |
||
| 856 | 4 | 1 |
_3Table of contents only _uhttp://www.loc.gov/catdir/toc/ecip0716/2007017286.html |
| 856 | 4 | 2 |
_3Contributor biographical information _uhttp://www.loc.gov/catdir/enhancements/fy1310/2007017286-b.html |
| 856 | 4 | 2 |
_3Publisher description _uhttp://www.loc.gov/catdir/enhancements/fy1311/2007017286-d.html |
| 906 |
_a7 _bcbc _corignew _d1 _eecip _f20 _gy-gencatlg |
||
| 942 |
_2udc _cBK |
||
| 999 |
_c990 _d990 |
||